000 00594nam a2200217 i 4500
001 bg
100 1 _aDUDA, Barbara
245 1 0 _aTexte zur Geschichte der deutschen Sprache /
_cBarbara Duda.
260 _aWarszawa :
_bPańst. Wydaw. Naukowe PWN,
_c1988.
300 _a152, [1] s. ;
_c21 cm.
504 _aBibliogr.
650 9 _aJęzyk niemiecki
_xhistoria
655 _aPodręczniki akademickie
020 _a8301072008
040 _cBPK
041 0 _ager
080 _a811.112.2(091)(075.8)
920 _a83-01-07200-8
942 _cKS
008 s pl f |000 0 pol
999 _c45562
_d45562
856 _uhttp://koha.tu.koszalin.pl/cgi-bin/koha/opac-detail.pl?biblionumber=45562
_yKatalog online BPK